000 00757nam a2200229 4500
003 OSt
005 20240704025605.0
006 a
008 240704b |||||||| |||| 00| 0 eng d
020 _a9780123838537
040 _aDWCL-Main lib.
_cOC
082 _2First edition
_aCirc. 599.5 J46m 2008
100 _aJefferson, Thomas A.
245 _aMarine mammals of the world : a comprehensive guide to their identification /
250 _aFirst edition
260 _aUK :
_bAcademic Press,
_cc2008.
300 _axii,
_b573 p. : ill. (some col.) ;
_c25 cm.
504 _aIncludes bibliographical references and index.
650 _a1. Marine mammals.
650 _a2. Marine mammals-Identification.
942 _2ddc
_n0
_cBK-CIRC
_eFirst edition
_kCirc.
999 _c1929
_d1929